Collective Memory and the Dutch East Indies (Record no. 92397)

MARC details
000 -LEADER
fixed length control field 01785nam a2200205Ii 4500
008 - FIXED-LENGTH DATA ELEMENTS--GENERAL INFORMATION
fixed length control field 221202s xx 000 0 und d
100 1# - MAIN ENTRY--PERSONAL NAME
Personal name Doolan, Paul M.M.,
Relator term author
245 #0 - TITLE STATEMENT
Title Collective Memory and the Dutch East Indies
246 ## - VARYING FORM OF TITLE
Title proper/short title Unremembering Decolonization
264 ## - PRODUCTION, PUBLICATION, DISTRIBUTION, MANUFACTURE, AND COPYRIGHT NOTICE
Name of producer, publisher, distributor, manufacturer Amsterdam University Press
Date of production, publication, distribution, manufacture, or copyright notice 2021
300 ## - PHYSICAL DESCRIPTION
Extent 1 online resource (337 pages)
336 ## - CONTENT TYPE
Content type term text
Content type code txt
Source rdacontent
337 ## - MEDIA TYPE
Media type term computer
Media type code c
Source rdamedia
338 ## - CARRIER TYPE
Carrier type term online resource
Carrier type code cr
Source rdacarrier
490 ## - SERIES STATEMENT
Series statement Heritage and Memory Studies
520 ## - SUMMARY, ETC.
Summary, etc. This book examines the afterlife of decolonization in the collective memory of the Netherlands. It offers a new perspective on the cultural history of representing the decolonization of the Dutch East Indies, and maps out how a contested collective memory was shaped. Taking a transdisciplinary approach and applying several theoretical frames from literary studies, sociology, cultural anthropology and film theory, the author reveals how mediated memories contributed to a process of what he calls "unremembering." He analyses in detail a broad variety of sources, including novels, films, documentaries, radio interviews, memoires and historical studies, to reveal how five decades of representing and remembering decolonization fed into an unremembering by which some key notions were silenced or ignored. The author concludes that historians, or the historical guild, bear much responsibility for the unremembering of decolonization in Dutch collective memory.
653 ## - INDEX TERM--UNCONTROLLED
Uncontrolled term Collective Memory, Dutch East Indies, Decolonization, Postcolonialism.
856 ## - ELECTRONIC LOCATION AND ACCESS
Uniform Resource Identifier <a href="https://docs.google.com/spreadsheets/d/1yKIrdCPDAG_9c22mwoOIO2DOhtj65Wqa/edit?usp=sharing&ouid=106555315294820607512&rtpof=true&sd=true ">https://docs.google.com/spreadsheets/d/1yKIrdCPDAG_9c22mwoOIO2DOhtj65Wqa/edit?usp=sharing&ouid=106555315294820607512&rtpof=true&sd=true </a>
Link text List of Curated E-Books
942 ## - ADDED ENTRY ELEMENTS (KOHA)
Koha item type E-Book

No items available.

University of Rizal System
Email us at univlibservices@urs.edu.ph

Visit our Website www.urs.edu.ph/library